| 000 | 00874nam a2200181 i 4500 | ||
|---|---|---|---|
| 001 | 165829 | ||
| 003 | ES-MaACL | ||
| 005 | 20230906213219.0 | ||
| 008 | 050907s1886 gw | |||||||| ||spa d | ||
| 040 |
_aCAM _bspa _cCAM |
||
| 100 | 1 |
_aStutzer, Albert. _9132934 |
|
| 245 | 1 | 3 |
_aEl nitrato de sosa _b: su importancia y empleo como abono / _cobra premiada por A. Stutzer; sobre la base de los trabajos del tribunal y tomando en cuenta la obra igualmente premiada en el concurso del profesor A. Damseaux en Gembloux editado por Paul Wagner; traducción autorizada, hecha directamente del alemán, por German Berg. |
| 260 |
_aDarmstadt : _b[s.n.], _c1886 ( _fImprenta de C.F. Winter) |
||
| 300 |
_aVII, 112 p. ; _c20 cm. |
||
| 650 | 4 |
_aNitrato de Chile. _9162501 |
|
| 700 | 1 |
_aWagner, Paul. _9133854 |
|
| 852 |
_aES-MaACL _jT-472-F-1 _z-- Enc. hol. _z-- Enc. en un vol. facticio |
||
| 999 |
_c165829 _d165829 |
||